000 nam a22 7a 4500
999 _c23878
_d23878
008 170127b xxu||||| |||| 00| 0 eng d
020 _a875980848
020 _a875980856
050 _aNC 249 .R66 1988
100 _aBetthausen, Peter
245 _aThe Romantic spirit :
_bGermandrawings, 1780-1850 from the nationalgalerie (Staaliche Museen, Berlin) and the Kupferstick-Kabinett (StaatlicheKunstsammlingen, Dresden) Germandem,democratic republic/)
_c Peter Betthausen ..[et al.].
260 _aNew York :
_bOxford University Press,
_c1988.
300 _a275p. :
_bill (some col.) ;
_c24 cm.
650 _aDrawings
942 _2lcc
_cBOOKS
_hNC 249 .R66 1988